| 000 | 00691pam a2200265 a 4500 | ||
|---|---|---|---|
| 020 | _a082478491X (alk. paper) | ||
| 040 | _cDLC | ||
| 082 | 0 | 0 | _a576 DEK 1991 A062 Or. |
| 245 | 0 | 0 | _aFoods and feeds / |
| 260 |
_aNew York, N.Y. : _bM. Dekker, _cc1991. |
||
| 300 |
_ax, 621 p. : _bill. ; _c26 cm. |
||
| 650 | 0 | _aFood | |
| 650 | 0 | _aFeeds | |
| 650 | 0 | _aMycology. | |
| 650 | 2 | _aAnimal Feed. | |
| 650 | 2 | _aFood Handling. | |
| 650 | 2 | _aFood Microbiology. | |
| 650 | 2 | _aFungi. | |
| 650 | 2 | _aMycotoxins. | |
| 700 | 1 | _aArora, Dilip K. | |
| 700 | 1 | _aMukerji, K. G. | |
| 700 | 1 | _aMarth, Elmer H. | |
| 856 | 4 | 2 | _uhttp://www.loc.gov/catdir/enhancements/fy0648/91024965-d.html |
| 942 | _cEK | ||
| 999 |
_c15078 _d15078 |
||